000
00256nam a2200109Ia 4500
008
220204s9999 xx 000 0 und d
082
_a
62(035)
_b
KAN;1
100
_a
G B
245
0
_a
Handbook for engineers
260
_a
New Delhi
_b
Vikas
_c
1977
942
_c
BK
999
_c
25370
_d
25370